Listening for IELTS

שמור ב:
מידע ביבליוגרפי
מחבר ראשי: Aish, Fiona
פורמט: ספר
שפה:Undetermined
יצא לאור: Thanh phố Hồ Chí Minh Tổng hợp 2011
נושאים:
תגים: הוספת תג
אין תגיות, היה/י הראשונ/ה לתייג את הרשומה!
Thư viện lưu trữ: Trung tâm Học liệu Trường Đại học Cần Thơ
LEADER 00609nam a2200205Ia 4500
001 CTU_180970
008 210402s9999 xx 000 0 und d
020 |c 128000 
082 |a 428.0076 
082 |b A299 
100 |a Aish, Fiona 
245 0 |a Listening for IELTS 
245 0 |c Fiona Aish, Jo Tomlinson 
260 |a Thanh phố Hồ Chí Minh 
260 |b Tổng hợp 
260 |c 2011 
650 |a English language,Anh ngữ 
650 |x Study guides,Examinations,Hướng dẫn học,Kỳ thi 
904 |i Tuyến 
980 |a Trung tâm Học liệu Trường Đại học Cần Thơ